000 00652nam a2200253 a 4500
001 nice12345678
003 IN_TiNIC
005 20260116014112.0
008 050524s2002 newa grp 000 0 eng
020 _a1929223
_c562.5
082 0 0 _a302.952073
_bBLA
100 _aBlaker, Michael
245 _aCase Studies in Japanese Negotiating Behaviour
260 _aNew York
_bWashington Square Press
_c2002
300 _a170p
500 _aincludes index and biblioraphy
505 2 _aAppendix
650 _aNegotiation-Japanese
700 1 _aPaul Giarra
700 1 _aEzra Vogel
902 _bSRS
942 _cBK
999 _c13880
_d13880